<?xml version="1.0" encoding="UTF-8"?>
<marc:record xmlns:marc="http://www.loc.gov/MARC21/slim">
   <marc:leader>00000nam a2200000 a 4500</marc:leader>
   <marc:datafield ind1="1" ind2=" " tag="100">
      <marc:subfield code="a">Josten, Elmar</marc:subfield>
      <marc:subfield code="4">aut</marc:subfield>
      <marc:subfield code="e">Verfasser/-in</marc:subfield>
   </marc:datafield>
   <marc:datafield ind1="1" ind2=" " tag="100">
      <marc:subfield code="a">Reiche, Thomas</marc:subfield>
      <marc:subfield code="4">aut</marc:subfield>
      <marc:subfield code="e">Verfasser/-in</marc:subfield>
   </marc:datafield>
   <marc:datafield ind1="1" ind2=" " tag="100">
      <marc:subfield code="a">Wittchen, Bernd</marc:subfield>
      <marc:subfield code="4">aut</marc:subfield>
      <marc:subfield code="e">Verfasser/-in</marc:subfield>
   </marc:datafield>
   <marc:datafield ind1=" " ind2=" " tag="653">
      <marc:subfield code="a">Holzbearbeitung</marc:subfield>
   </marc:datafield>
   <marc:datafield ind1=" " ind2=" " tag="653">
      <marc:subfield code="a">Tischler</marc:subfield>
   </marc:datafield>
   <marc:datafield ind1=" " ind2=" " tag="653">
      <marc:subfield code="a">Berufsschule</marc:subfield>
   </marc:datafield>
   <marc:datafield ind1=" " ind2=" " tag="653">
      <marc:subfield code="a">Holzmechaniker</marc:subfield>
   </marc:datafield>
   <marc:datafield ind1=" " ind2=" " tag="653">
      <marc:subfield code="a">Softcover / Schule</marc:subfield>
   </marc:datafield>
   <marc:datafield ind1=" " ind2=" " tag="653">
      <marc:subfield code="a">Lernen/Berufsschulbücher</marc:subfield>
   </marc:datafield>
   <marc:datafield ind1=" " ind2=" " tag="653">
      <marc:subfield code="a">Fachschulbücher</marc:subfield>
   </marc:datafield>
   <marc:datafield ind1=" " ind2=" " tag="653">
      <marc:subfield code="a">Schulbuch</marc:subfield>
   </marc:datafield>
   <marc:datafield ind1="0" ind2="0" tag="245">
      <marc:subfield code="a">Holzfachkunde</marc:subfield>
   </marc:datafield>
   <marc:datafield ind1="0" ind2="0" tag="245">
      <marc:subfield code="b">ein Lehr-, Lern- und Arbeitsbuch für Tischler, Schreiner, Holzmechaniker und Fachkräfte für Möbel-, Küchen- und Umzugsservice</marc:subfield>
   </marc:datafield>
   <marc:datafield ind1="0" ind2="0" tag="245">
      <marc:subfield code="c">Autoren: Elmar Josten ; Thomas Reiche ; Bernd Wittchen</marc:subfield>
   </marc:datafield>
   <marc:datafield ind1=" " ind2="1" tag="264">
      <marc:subfield code="a">Haan-Gruiten</marc:subfield>
      <marc:subfield code="b">Verl. Europa-Lehrmittel Nourney, Vollmer</marc:subfield>
      <marc:subfield code="c">2013</marc:subfield>
   </marc:datafield>
   <marc:datafield ind1=" " ind2=" " tag="250">
      <marc:subfield code="a">6., aktualisierte Aufl., 1. Dr.</marc:subfield>
   </marc:datafield>
   <marc:datafield ind1="1" ind2=" " tag="520">
      <marc:subfield code="a">Angaben aus der Verlagsmeldung

Holzfachkunde : Ein Lehr-, Lern- und Arbeitsbuch für Tischler/Schreiner, Holzmechaniker und Fachkräfte für Möbel-, Küchen- und Umzugsservice / von Elmar Josten, Thomas Reiche, Bernd Wittchen

Lernfeldorientiertes Lehr-, Lern- und Arbeitsbuch für die Ausbildung zum Tischler/Schreiner, Holzmechaniker und zur Fachkraft für Möbel-, Küchen- und Umzugsservice

Aus dem Inhalt:
Physikalische und chemische Grundlagen - Holz und Holzwerkstoffe - Holzbearbeitung mit Handwerkzeugen - Maschinelle Holzbearbeitung - andere Werkstoffe - Holzverbindungen - Möbelbau - Innenausbau und Außenbau - Montage- und Befestigungstechnik - Messebau - Ladesicherung auf Fahrzeugen - Service im Handwerk - Didaktisch-methodische Anleitungen mit über 100 handlungsorientierten, in der Praxis erprobten Arbeitsaufträgen - Lernfelder für Tischler, Holzmechaniker und Fachkräfte für Möbel-, Küchen und Umzugsservice
</marc:subfield>
   </marc:datafield>
   <marc:datafield ind1=" " ind2=" " tag="020">
      <marc:subfield code="a">9783808546697</marc:subfield>
      <marc:subfield code="9">9783808546697</marc:subfield>
   </marc:datafield>
   <marc:datafield ind1=" " ind2=" " tag="020">
      <marc:subfield code="a">3808546697</marc:subfield>
      <marc:subfield code="9">3808546697</marc:subfield>
   </marc:datafield>
   <marc:datafield ind1=" " ind2=" " tag="041">
      <marc:subfield code="a">ger</marc:subfield>
   </marc:datafield>
   <marc:datafield ind1=" " ind2=" " tag="300">
      <marc:subfield code="a">XIX, 652 S.</marc:subfield>
   </marc:datafield>
</marc:record>
